Southville International School and Colleges
Your cart is empty.
  • Cart
  • Lists
    Public lists Eva Luna New books Lux_list list_1
    Your lists Log in to create your own lists
  • Log in to your account
  • Your cookies
  • Search history
Southville International School and Colleges
  • Advanced search
  • Recent comments
  • Most popular
  • Libraries

Log in to your account

Log in with GOOGLE


If you do not have an external account, but do have a local account, you can still log in:

  1. Home
  2. MARC view: The Art of public speaking /
Normal view MARC view ISBD view

The Art of public speaking / (Record no. 363073)

[ view plain ]
MARC details
000 -LEADER
fixed length control field 00621nam a2200229Ia 4500
008 - FIXED-LENGTH DATA ELEMENTS--GENERAL INFORMATION
fixed length control field 191119s9999 xx 000 0 und d
020 ## - INTERNATIONAL STANDARD BOOK NUMBER
International Standard Book Number 978-1-260-54809-9
050 ## - LIBRARY OF CONGRESS CALL NUMBER
Classification number MAIN PN 4129.15
050 ## - LIBRARY OF CONGRESS CALL NUMBER
Item number .L83 2020
100 ## - MAIN ENTRY--PERSONAL NAME
Personal name Lucas, Stephen E.
245 #4 - TITLE STATEMENT
Title The Art of public speaking /
245 #0 - TITLE STATEMENT
Statement of responsibility, etc Stephen E. Lucas with Paul Stob.
250 ## - EDITION STATEMENT
Edition statement 13th Edition
260 ## - PUBLICATION, DISTRIBUTION, ETC. (IMPRINT)
Place of publication, distribution, etc New York :
260 ## - PUBLICATION, DISTRIBUTION, ETC. (IMPRINT)
Name of publisher, distributor, etc McGraw-Hill,
260 ## - PUBLICATION, DISTRIBUTION, ETC. (IMPRINT)
Date of publication, distribution, etc 2020
300 ## - PHYSICAL DESCRIPTION
Extent 389 pages :
300 ## - PHYSICAL DESCRIPTION
Other physical details colored illustrations ;
300 ## - PHYSICAL DESCRIPTION
Dimensions 26 cm.
500 ## - GENERAL NOTE
General note Includes bibliographic references and index.
650 ## - SUBJECT ADDED ENTRY--TOPICAL TERM
Topical term or geographic name as entry element Public speaking.
Holdings
Withdrawn status Lost status Damaged status Home library Current library Shelving location Date acquired Cost, normal purchase price Total Checkouts Full call number Barcode Date last seen Price effective from Koha item type
      South Mansfield College South Mansfield College   07/30/2019 3552.00   MAIN PN 4129.15 .L83 2020 SMC04768 06/01/2020 06/01/2020 Books

The Art of public speaking /

APA

Lucas S. E., .The Art of public speaking. New York: .

Chicago

Lucas Stephen E, .The Art of public speaking. New York: .

Harvard

Lucas S. E., .The Art of public speaking. New York: .

MLA

Lucas Stephen E, .New York: . .

  • Place hold
  • Print
  • Cite
  • Add to your cart (remove)
  • Save record
    BIBTEX Dublin Core MARCXML MARC (non-Unicode/MARC-8) MARC (Unicode/UTF-8) MARC (Unicode/UTF-8, Standard) MODS (XML) RIS
  • More searches
    Search for this title in:
    Other Libraries (WorldCat) Other Databases (Google Scholar) Online Stores (Bookfinder.com) Open Library (openlibrary.org)

Exporting to Dublin Core...

SOUTHVILLE LIBRARY

Southville International School and Colleges Library

1281 Tropical Ave. Cor. Luxembourg St., BF Homes International, Las Pinas City

Tel. No. 8256374 / 252358 Loc. 117/146

Powered by Koha